000 00278nam a22000977a 4500
008 210716b ||||| |||| 00| 0 eng d
245 _aThe international journal on Hydropower and Dams
_bVolume twenty six, issue 5, 2019
260 _c2019.
300 _a123 p.
_c29 cm.
942 _2ddc
999 _c8785
_d8786